| 000 | 00673nam a22002411a 4500 | ||
|---|---|---|---|
| 001 | 57551 | ||
| 003 | BD-RjUL | ||
| 005 | 20211209080526.0 | ||
| 008 | 161210s1985 nyu b 100 0 eng d | ||
| 035 | _a(BD-RjUL)57675 | ||
| 040 |
_aDLC _cDLC _dEQO _beng |
||
| 041 | 0 | _aengtha | |
| 082 |
_a577.85 _223 _bSYM 1966 |
||
| 245 | 0 | 1 |
_aSymbiosis / _cS Mark Henry |
| 260 |
_aNew York : _bAcademic Press, _c1966 |
||
| 300 |
_a v. : _bill. ; _c27 cm. |
||
| 500 | _aEnglish and Thai. | ||
| 504 | _aBibliography: p. 130-153 | ||
| 505 | _a V. 1. Associations of microorganisms, plants and marine organisms | ||
| 650 |
_aSymbiosis. _9170901 |
||
| 942 |
_2ddc _cBK |
||
| 999 |
_c57551 _d57551 |
||